Memoria del Instituto de 2ª Enseñanza de Cuenca (Record no. 155954)

MARC details
000 -LEADER
campo de control de longitud fija 01018nam a22002055i 4500
001 - NÚMERO DE CONTROL
campo de control 155954
003 - IDENTIFICADOR DE NÚMERO DE CONTROL
campo de control ES-MaACL
005 - FECHA Y HORA DE LA ÚLTIMA TRANSACCIÓN
campo de control 20230906210250.0
008 - DATOS DE LONGITUD FIJA--INFORMACIÓN GENERAL
campo de control de longitud fija 040903s1897 sp |||| | spa d
040 ## - FUENTE DE CATALOGACIÓN
Centro catalogador/agencia de origen CAM
Lengua de catalogación spa
Centro/agencia transcriptor CAM
080 ## - NÚMERO DE LA CLASIFICACIÓN DECIMAL UNIVERSAL
Número de la Clasificación Decimal Universal 378.5(460.283 C.)(060.55)
110 2# - ENTRADA PRINCIPAL--NOMBRE DE ENTIDAD CORPORATIVA
Nombre de entidad corporativa o nombre de jurisdicción como elemento de entrada Instituto de Segunda Enseñanza de Cuenca.
9 (RLIN) 5008
245 10 - MENCIÓN DEL TÍTULO
Título Memoria del Instituto de 2ª Enseñanza de Cuenca
Resto del título : leida en la apertura del curso de 1896 á 97 /
Mención de responsabilidad, etc. por Manuel Marín y Magallón.
260 ## - PUBLICACIÓN, DISTRIBUCIÓN, ETC.
Lugar de publicación, distribución, etc. Cuenca :
Nombre del editor, distribuidor, etc. [s.n.],
Fecha de publicación, distribución, etc. 1897 (
Fabricante Imprenta de Celedonio León)
300 ## - DESCRIPCIÓN FÍSICA
Extensión 56 p. ;
Dimensiones 21 cm.
500 ## - NOTA GENERAL
Nota general Todos los datos de la descripción tomados de la cub. original pues la port. de este ejemplar es de la "Memoria ... curso de 1895 á 96 ...", 1896, correspondiendose el texto con la cub.
610 24 - PUNTO DE ACCESO ADICIONAL DE MATERIA--NOMBRE DE ENTIDAD CORPORATIVA
Nombre de entidad corporativa o nombre de jurisdicción como elemento de entrada Instituto de Segunda Enseñanza de Cuenca-
Subdivisión de forma Memorias.
9 (RLIN) 144976
700 1# - ENTRADA AGREGADA--NOMBRE PERSONAL
Nombre de persona Marín y Magallón, Manuel.
9 (RLIN) 129681
852 ## - LOCALIZACIÓN
Ubicación ES-MaACL
Número de control de estantería T-867-F-7
Nota libre -- Enc. hol. conservando la cub. original
-- -- Enc. en un vol. facticio
Holdings
Estatus retirado Estado de pérdida Estado de daño No para préstamo Colección Biblioteca de origen Biblioteca actual Ubicación en estantería Fecha de adquisición Total de préstamos Signatura topográfica completa Código de barras Visto por última vez Precio de reemplazo Tipo de ítem Koha
        Colección de folletos Biblioteca del Ateneo de Madrid Biblioteca del Ateneo de Madrid Depósito folletos 17/01/2008   T-867-F-7 1163153 23/02/2023 23/02/2023 Folleto